LEADER 02352nam 22003733 450 001 9910157594703321 005 20251209084639.0 010 $a1-944003-65-7 035 $a(CKB)3710000001001628 035 $a(BIP)056109237 035 $a(MiAaPQ)EBC4847918 035 $a(Au-PeEL)EBL4847918 035 $a(CaPaEBR)ebr11378228 035 $a(OCoLC)986032791 035 $a(EXLCZ)993710000001001628 100 $a20251209d2016 uy 0 101 0 $aeng 135 $aurcnu|||||||| 181 $ctxt$2rdacontent 182 $cc$2rdamedia 183 $acr$2rdacarrier 200 10$aPleasing the Doctor 210 1$aSan Francisco :$cBook Boutiques,$d2016. 210 4$dİ2016. 215 $a1 online resource (98 p.) 330 8 $a"But I never said which one of us was supposed to be the Sub and which the Dom. You were the one who introduced cock rings to the conversation. Are you a closet Dominatrix, Alice?"Pleasing the Doctor from award winning Australian erotic romance author Sami Lee is a blazing BDSM romance that will keep you turning the pages. Explore the world of D/s in this story of passion, desire, and sexual exploration.It's been a year since Alice's divorce, a year since her lady parts have gotten any up-close-and-personal attention from a man. When she meets Damien and he invites her back to his hotel room, she decides to be wild and brave for a change. After all, it's just one night. His card says he's an out-of-town doctor-it's the perfect chance for her to explore some of her deepest desires without having to worry about after-sex embarrassment.Except Damien isn't an out-of-towner at all. He's just moved to the area and knows, as soon as he sees Alice, that he can give her the kind of pleasure she secretly craves. The kind of pleasure that comes from a good spanking and some leather bindings.Convincing Alice to give in to her desires isn't a problem-convincing her to stay once the sun comes up is the real challenge.This BDSM erotic contemporary romance contains adult themes and is not intended for readers under the age of 18.Previously Published: (2014) Sami Lee | (2014) Ellora's Cave 700 $aLee$b Sami$01433481 801 0$bMiAaPQ 801 1$bMiAaPQ 801 2$bMiAaPQ 906 $aBOOK 912 $a9910157594703321 996 $aPleasing the Doctor$93600178 997 $aUNINA